The Grasshopper in Lombard Street.
Tallennettuna:
| Päätekijä: | |
|---|---|
| Aineistotyyppi: | Kirja |
| Kieli: | English |
| Julkaistu: |
New York,
B. Franklin
[1968]
|
| Sarja: | History, economics, and social science, 67
Burt Franklin research & source works series, 277. |
| Aiheet: |
| LEADER | 00978nam a2200265 4500 | ||
|---|---|---|---|
| 001 | c000350469 | ||
| 003 | CARM | ||
| 005 | 00000000000000.0 | ||
| 008 | 690606r19681892nyua b 00100 eng | ||
| 019 | 1 | |a 8635 |5 LACONCORD2021 | |
| 035 | |a (OCoLC)2675 |5 LACONCORD2021 | ||
| 050 | 0 | 0 | |a HG3000.L84 |b M3 1968 |
| 100 | 1 | |a Martin, John Biddulph. | |
| 245 | 1 | 4 | |a The Grasshopper in Lombard Street. |
| 260 | |a New York, |b B. Franklin |c [1968] | ||
| 300 | |a xx, 328 p. |b illus. |c 27 cm. | ||
| 490 | 0 | |a History, economics, and social science, 67 | |
| 490 | 0 | |a Burt Franklin research & source works series, 277. | |
| 500 | |a Reprint of the 1892 ed. | ||
| 504 | |a Bibliographical footnotes. | ||
| 610 | 2 | 0 | |a Martins Bank Limited. |
| 852 | 8 | |b CARM |h A1:AL06E0 |i C10351 |p 0445502 |f BK | |
| 082 | 0 | 4 | |a 332.1/2/094212 |
| 999 | f | f | |i 8fb92c0e-7eb0-5a11-8b86-f6176cae89b9 |s d4973438-bb73-5b16-a776-efb27780817b |
| 952 | f | f | |p Can circulate |a CAVAL |b CAVAL |c CAVAL |d CARM 1 Store |e C10351 |f A1:AL06E0 |h Other scheme |i book |m 0445502 |